Vi sinh vật học đại cương

محفوظ في:
التفاصيل البيبلوغرافية
المؤلف الرئيسي: Tô Minh Châu
التنسيق: كتاب
منشور في: HCM. ĐH Nông Lâm TPHCM 1999
سلاسل:ĐTTS ghi: ĐHQG TPHCM. Trường ĐH Nông lâm
الموضوعات:
الوسوم: إضافة وسم
لا توجد وسوم, كن أول من يضع وسما على هذه التسجيلة!
Thư viện lưu trữ: Trung tâm Học liệu Lê Vũ Hùng, Trường Đại học Đồng Tháp
LEADER 00903pam a22002418a 4500
001 00024065
005 20171026081023.0
008 110711s1999 ||||||Viesd
041 0 # |a Vie 
082 1 4 |a 579  |b V300S 
100 0 # |a Tô Minh Châu 
245 0 0 |a Vi sinh vật học đại cương  |c Tô Minh Châu,Vương Thị Việt Hoa,Vũ Thị Lâm An,Lâm Thanh Hiền... 
260 # # |a HCM.  |b ĐH Nông Lâm TPHCM  |c 1999 
300 # # |a 218tr.  |c 27 cm. 
490 # # |a ĐTTS ghi: ĐHQG TPHCM. Trường ĐH Nông lâm 
650 # 4 |a Vi sinh vật 
653 # # |a Đại cương 
852 # # |b Kho giáo trình  |j KGT.0009978, KGT.0032748 
852 # # |b Kho mượn  |j KGT.0009978 
852 # # |j KGT.0009978  |j KGT.0009981  |j KGT.0032748  |j KGT.0009979  |j KGT.0009980 
910 0 # |d 11/07/2011 
980 # # |a Trung tâm Học liệu Lê Vũ Hùng, Trường Đại học Đồng Tháp